| 000 | 01193nam a22003254a 4500 | ||
|---|---|---|---|
| 001 | ebr5003204 | ||
| 003 | CaPaEBR | ||
| 006 | m u | ||
| 007 | cr cn||||||||| | ||
| 008 | 010412s2001 azua s 001 0 eng | ||
| 010 | _z 2001028862 | ||
| 020 | _z1588800997 | ||
| 040 |
_aCaPaEBR _cCaPaEBR |
||
| 035 | _a(OCoLC)70750149 | ||
| 050 | 1 | 4 |
_aTR897.7 _b.S3784 2001eb |
| 082 | 0 | 4 |
_a006.6/96 _221 |
| 100 | 1 | _aSchrand, Richard. | |
| 245 | 1 | 0 |
_aPoser 4 pro pack f/x & design _h[electronic resource] / _cRichard Schrand. |
| 260 |
_aScottsdale, Ariz. : _bCoriolis, _cc2001. |
||
| 300 |
_axxxiii, 379 p. : _bill. (some col.) |
||
| 500 | _aIncludes index. | ||
| 533 |
_aElectronic reproduction. _bPalo Alto, Calif. : _cebrary, _d2013. _nAvailable via World Wide Web. _nAccess may be limited to ebrary affiliated libraries. |
||
| 630 | 0 | 0 | _aPoser (Computer file) |
| 650 | 0 | _aComputer animation. | |
| 650 | 0 | _aComputer graphics. | |
| 650 | 0 |
_aHuman figure in art _xComputer programs. |
|
| 655 | 7 |
_aElectronic books. _2local |
|
| 710 | 2 | _aebrary, Inc. | |
| 856 | 4 | 0 |
_uhttp://site.ebrary.com/lib/rucke/Doc?id=5003204 _zAn electronic book accessible through the World Wide Web; click to view |
| 999 |
_c1830 _d1830 |
||